| 000 | 00687nam a2200253Ia 4500 | ||
|---|---|---|---|
| 003 | OSt | ||
| 005 | 20221006142359.0 | ||
| 006 | a|||||r|||| 00| 0 | ||
| 007 | ta | ||
| 008 | 221006b |||||||| |||| 00| 0 eng d | ||
| 020 | _c50.00 | ||
| 024 | _a6,227 | ||
| 037 | _cTextual | ||
| 040 |
_aEASL _cEASL _beng |
||
| 041 |
_2eng _aeng |
||
| 082 | _aO42:1.N6, M2 | ||
| 100 |
_aHOUSTON G W Tr. _9647563 |
||
| 245 | 0 |
_aWings of the white crane _b Poems of Tshangs dbyanges rgya mthho |
|
| 260 |
_aDelhi _bMotilala Banarsidass India _c1982 |
||
| 300 |
_a53p. _ccm. |
||
| 490 | _v JEL | ||
| 942 |
_hO42:1.N6, M2 _cTEXL _2CC |
||
| 999 |
_c1074313 _d1074313 |
||